LEADER 01235nam 2200205zu 450 001 996695523203316 005 20260108110633.0 035 $a(CKB)37913370900041 035 $a(UnM)99848229 035 $a(EXLCZ)9937913370900041 100 $a20250319|1631uuuu || | 101 0 $aeng 135 $aur||||||||||| 200 10$aTwo First Treatises Of The Fisrt [sic] Part Of Christian Perfection. Composed By The Reuerend Father Alfonso Rodriguez. Of The Society Of Iesus. The One Of Them Being Intituled, Of The Estimation And Affection Which We Ought To Carry To Spirituall Thinges, And To Our Profiting Therein. And The Other, Of The Perfection Of Our Ordinary Actions. Translated Out Of Spanish Into English 210 $cProQuest, UMI$d1631 700 $aRodriguez$0371182 906 $aBOOK 912 $a996695523203316 996 $aTwo First Treatises Of The Fisrt Part Of Christian Perfection. Composed By The Reuerend Father Alfonso Rodriguez. Of The Society Of Iesus. The One Of Them Being Intituled, Of The Estimation And Affection Which We Ought To Carry To Spirituall Thinges, And To Our Profiting Therein. And The Other, Of The Perfection Of Our Ordinary Actions. Translated Out Of Spanish Into English$94504023 997 $aUNISA